000 00523nam a2200229Ia 4500
003 0100
008 130303s9999 xx 000 0 und d
020 _a198750234
040 _cARRUPELIB
050 _aLB41.P525 1973
100 _aPeters, R. S
245 4 _aThe philosophy of education
260 _aLondon
260 _bOxford University Press
260 _C1973
300 _a278p.
300 _b 20cm.
650 _bResponsibility
650 _cTechnology and ethics
650 _dEthics
942 0 0 _02
999 _c15458
_d15458